[Event "Lippe Cup-C 08th"]
[Site "Lieme"]
[Date "2011.10.30"]
[Round "4"]
[White "Tanriverdi, Baran"]
[Black "Bentel, Kerstin"]
[Result "1-0"]
[WhiteElo "1252"]
[BlackElo "1053"]
[PlyCount "43"]
[EventDate "2011.10.28"]
[EventType "swiss"]
[EventRounds "5"]
[EventCountry "GER"]
[SourceTitle "EXT 2012"]
[Source "ChessBase"]
[SourceDate "2011.11.24"]
[SourceVersion "1"]
[SourceVersionDate "2011.11.24"]
[SourceQuality "1"]

1. e4 e5 2. Nf3 Nc6 3. Bb5 Nf6 4. 0-0 Bc5 5. c3 0-0 6. Re1 d5 7. Bxc6 bxc6 8. d4 Bg4 9. dxc5 dxe4 10. Qxd8 Raxd8 11. Nxe5 Bd7 12. Bg5 h6 13. Bxf6 gxf6 14. Nxd7 Rxd7 15. Na3 f5 16. Rad1 Rd5 17. Rxd5 cxd5 18. Nb5 Rb8 19. Nxc7 Rxb2 20. Ra1 Rd2 21. Nb5 a6 22. c6 1-0

[Event "Lippe Cup-C 08th"]
[Site "Lieme"]
[Date "2011.10.28"]
[Round "1"]
[White "Bentel, Kerstin"]
[Black "Comes, Wolfgang"]
[Result "1/2-1/2"]
[WhiteElo "1053"]
[BlackElo "1308"]
[PlyCount "73"]
[EventDate "2011.10.28"]
[EventType "swiss"]
[EventRounds "5"]
[EventCountry "GER"]
[SourceTitle "EXT 2012"]
[Source "ChessBase"]
[SourceDate "2011.11.24"]
[SourceVersion "1"]
[SourceVersionDate "2011.11.24"]
[SourceQuality "1"]

1. e4 c5 2. Nc3 Nc6 3. Nf3 g6 4. Bc4 e6 5. 0-0 Bg7 6. d3 Nge7 7. Bd2 0-0 8. Rb1 a6 9. Ne2 Ne5 10. Nxe5 Bxe5 11. Bc3 Bxc3 12. Nxc3 b5 13. Bb3 Bb7 14. a4 b4 15. Ne2 Qc7 16. c4 f5 17. f3 Rf7 18. Qd2 Raf8 19. Nf4 Kg7 20. Rbe1 h5 21. Bc2 Rh8 22. d4 cxd4 23. Qxb4 Qxf4 24. Qxb7 Rb8 25. Qxd7 Rxb2 26. Qxd4+ e5 27. Qxb2 Nc6 28. g3 Qd2 29. Rd1 Qe3+ 30. Rf2 Nd4 31. Re1 Nxf3+ 32. Kf1 Nxe1 33. Qxe5+ Kh6 34. Qe6 Rb7 35. exf5 Qxe6 36. fxe6 Nxc2 37. Rxc2 1/2-1/2

[Event "Lippe Cup-B 07th"]
[Site "Lieme"]
[Date "2010.10.17"]
[Round "5"]
[White "Langenhop, Nils"]
[Black "Bentel, Kerstin"]
[Result "1-0"]
[WhiteElo "1260"]
[BlackElo "1034"]
[PlyCount "81"]
[EventDate "2010.10.15"]
[EventType "swiss"]
[EventRounds "5"]
[EventCountry "GER"]
[SourceTitle "EXT 2012"]
[Source "ChessBase"]
[SourceDate "2011.11.24"]
[SourceVersion "1"]
[SourceVersionDate "2011.11.24"]
[SourceQuality "1"]

1. e4 e5 2. Nf3 Nc6 3. Bc4 Nf6 4. Nc3 Bc5 5. Nxe5 Nxe5 6. d4 Nxc4 7. dxc5 c6 8. Qd4 b5 9. cxb6 Nxb6 10. Bg5 h6 11. Bh4 g5 12. Bg3 Qe7 13. Be5 c5 14. Qd6 Qxd6 15. Bxd6 Rg8 16. Bxc5 Nc4 17. b3 Ne5 18. Bd4 d6 19. 0-0 Bb7 20. f3 a6 21. Rfe1 0-0-0 22. Re3 Rge8 23. f4 Neg4 24. Re2 Nxe4 25. Rae1 f5 26. h3 Ngf6 27. fxg5 hxg5 28. Nxe4 Bxe4 29. Bxf6 Rd7 30. Bxg5 Rg8 31. h4 Rdg7 32. g3 Bf3 33. Re8+ Kd7 34. R1e7+ Kc6 35. Rxg7 Rxg7 36. Kf2 Bg4 37. Ke3 Rd7 38. Kd4 Kb5 39. a4+ Kb4 40. Bd2+ Ka3 41. Bc3 1-0